Smith and Newton: some methodological issues concerning general economic equilibrium theory (Record no. 58174)

000 -LEADER
fixed length control field 00410pab a2200145 454500
008 - FIXED-LENGTH DATA ELEMENTS--GENERAL INFORMATION
fixed length control field 180718b2003 xxu||||| |||| 00| 0 eng d
100 ## - MAIN ENTRY--PERSONAL NAME
Personal name Montes, Leonidas
245 ## - TITLE STATEMENT
Title Smith and Newton: some methodological issues concerning general economic equilibrium theory
260 ## - PUBLICATION, DISTRIBUTION, ETC.
Date of publication, distribution, etc. 2003
300 ## - PHYSICAL DESCRIPTION
Extent p.723-47.
362 ## - DATES OF PUBLICATION AND/OR SEQUENTIAL DESIGNATION
Dates of publication and/or sequential designation Sep
650 ## - SUBJECT ADDED ENTRY--TOPICAL TERM
Topical term or geographic name entry element Economics
773 ## - HOST ITEM ENTRY
Main entry heading Cambridge Journal of Economics
909 ## -
-- 58174
Holdings
Withdrawn status Lost status Damaged status Not for loan Permanent Location Current Location Date acquired Serial Enumeration / chronology Barcode Date last seen Price effective from Koha item type
        Indian Institute of Public Administration Indian Institute of Public Administration 2018-07-19 Volume no: 27, Issue no: 5 AR58619 2018-07-19 2018-07-19 Articles

Powered by Koha